00750 a2200193 4500999001500000010001400015020002300029035001300052037001500065082001300080100002000093245007500113260004000188270013500228300002600363500001900389942003300408952011500441 c8216d8216 aENG-88361 c400.00a8178271478 aEN-71894 bDBAD / PUB00a954.0842 aFarhat Tabassum10aDeoband Ulema's movement for the freedom of India/cby Farhat Tabassum aNew DelhibManak Publicationsc2006 aB-7, Saraswati Complex, Subhash Chowk, Laxmi Nagar,bNew Delhie110092k91-11-22453894, 91-11-22042529minfo@manakpublications.com ax, 200 p.c23cm (Hb) aIncludes index adplcEN2ddch954.0842 mFAR 001040718NFICaDBADbDBADeDBAD/PUBg400.00l0o954.0842 FARpEN-71894r2008-09-15 00:00:00t1v400.00yEN